<?xml version="1.0" encoding="UTF-8"?>
<record
    xmlns:xsi="http://www.w3.org/2001/XMLSchema-instance"
    xsi:schemaLocation="http://www.loc.gov/MARC21/slim http://www.loc.gov/standards/marcxml/schema/MARC21slim.xsd"
    xmlns="http://www.loc.gov/MARC21/slim">

  <leader>00725nam a22001337a 4500</leader>
  <datafield tag="040" ind1=" " ind2=" ">
    <subfield code="c">RUA</subfield>
  </datafield>
  <datafield tag="082" ind1=" " ind2=" ">
    <subfield code="a">VEM CHE 2015 B481 Or.1</subfield>
  </datafield>
  <datafield tag="100" ind1=" " ind2=" ">
    <subfield code="a">CHEA VANNAK; &#x1787;&#x17B6; &#x179C;&#x178E;&#x17D2;&#x178E;&#x17C8;</subfield>
  </datafield>
  <datafield tag="245" ind1=" " ind2=" ">
    <subfield code="a">Effect of super ivomec on gastro intestinal parasite in cattle in angsnoul district, kandal province, &#x1794;&#x17D2;&#x179A;&#x179F;&#x17B7;&#x1791;&#x17D2;&#x1792;&#x1797;&#x17B6;&#x1796;SUPER IVOMEC &#x179B;&#x17BE;&#x179C;&#x178F;&#x17D2;&#x178F;&#x1798;&#x17B6;&#x1793;&#x1794;&#x179A;&#x17B6;&#x179F;&#x17B7;&#x178F;&#x200B;&#x1780;&#x17D2;&#x1793;&#x17BB;&#x1784;&#x1780;&#x17D2;&#x179A;&#x1796;&#x17C7;&#x1796;&#x17C4;&#x17C7;&#x179C;&#x17C0;&#x1793;&#x1782;&#x17C4; &#x1793;&#x17C5;&#x1780;&#x17D2;&#x1793;&#x17BB;&#x1784;&#x179F;&#x17D2;&#x179A;&#x17BB;&#x1780;&#x17A2;&#x1784;&#x17D2;&#x1782;&#x179F;&#x17D2;&#x1793;&#x17BD;&#x179B; &#x1781;&#x17C1;&#x178F;&#x17D2;&#x178F;&#x1780;&#x178E;&#x17D2;&#x178A;&#x17B6;&#x179B; </subfield>
  </datafield>
  <datafield tag="260" ind1=" " ind2=" ">
    <subfield code="a">Phnom Penh</subfield>
    <subfield code="b">RUA</subfield>
    <subfield code="c">2015</subfield>
  </datafield>
  <datafield tag="300" ind1=" " ind2=" ">
    <subfield code="a">xii,55p.</subfield>
    <subfield code="b">ill.</subfield>
    <subfield code="c">29cm.</subfield>
  </datafield>
  <datafield tag="856" ind1=" " ind2=" ">
    <subfield code="u">https://drive.google.com/file/d/14t3ZZk86aIpS3na1Fjus7f8bmjIbKKfF/view?usp=sharing</subfield>
  </datafield>
  <datafield tag="942" ind1=" " ind2=" ">
    <subfield code="c">VEM</subfield>
  </datafield>
  <datafield tag="999" ind1=" " ind2=" ">
    <subfield code="c">8154</subfield>
    <subfield code="d">8154</subfield>
  </datafield>
  <datafield tag="952" ind1=" " ind2=" ">
    <subfield code="0">0</subfield>
    <subfield code="1">0</subfield>
    <subfield code="2">ddc</subfield>
    <subfield code="4">0</subfield>
    <subfield code="6">VEM_CHE_2015_000000000000000_B481_OR_1</subfield>
    <subfield code="7">0</subfield>
    <subfield code="9">46566</subfield>
    <subfield code="a">LBB</subfield>
    <subfield code="b">LBB</subfield>
    <subfield code="c">B481</subfield>
    <subfield code="d">2016-06-29</subfield>
    <subfield code="o">VEM CHE 2015 B481 Or.1</subfield>
    <subfield code="p">RUA057149</subfield>
    <subfield code="r">2016-06-29</subfield>
    <subfield code="w">2016-06-29</subfield>
    <subfield code="y">VEM</subfield>
  </datafield>
  <datafield tag="952" ind1=" " ind2=" ">
    <subfield code="0">0</subfield>
    <subfield code="1">0</subfield>
    <subfield code="2">ddc</subfield>
    <subfield code="4">0</subfield>
    <subfield code="6">VEM_CHE_2015_000000000000000_B481_OR_2</subfield>
    <subfield code="7">0</subfield>
    <subfield code="9">46567</subfield>
    <subfield code="a">LBB</subfield>
    <subfield code="b">LBB</subfield>
    <subfield code="c">B481</subfield>
    <subfield code="d">2016-06-29</subfield>
    <subfield code="o">VEM CHE 2015 B481 Or.2</subfield>
    <subfield code="p">RUA058161</subfield>
    <subfield code="r">2016-06-29</subfield>
    <subfield code="w">2016-06-29</subfield>
    <subfield code="y">VEM</subfield>
  </datafield>
  <datafield tag="952" ind1=" " ind2=" ">
    <subfield code="0">0</subfield>
    <subfield code="1">0</subfield>
    <subfield code="2">ddc</subfield>
    <subfield code="4">0</subfield>
    <subfield code="6">VEM_CHE_2015_000000000000000_B481_OR_3</subfield>
    <subfield code="7">0</subfield>
    <subfield code="9">46568</subfield>
    <subfield code="a">LBB</subfield>
    <subfield code="b">LBB</subfield>
    <subfield code="c">B481</subfield>
    <subfield code="d">2016-06-29</subfield>
    <subfield code="o">VEM CHE 2015 B481 Or.3</subfield>
    <subfield code="p">RUA057027</subfield>
    <subfield code="r">2016-06-29</subfield>
    <subfield code="w">2016-06-29</subfield>
    <subfield code="y">VEM</subfield>
  </datafield>
  <datafield tag="952" ind1=" " ind2=" ">
    <subfield code="0">0</subfield>
    <subfield code="1">0</subfield>
    <subfield code="2">ddc</subfield>
    <subfield code="4">0</subfield>
    <subfield code="6">VEM_CHE_2015_000000000000000_B481_OR_4</subfield>
    <subfield code="7">0</subfield>
    <subfield code="9">46569</subfield>
    <subfield code="a">LBB</subfield>
    <subfield code="b">LBB</subfield>
    <subfield code="c">B481</subfield>
    <subfield code="d">2016-06-29</subfield>
    <subfield code="o">VEM CHE 2015 B481 Or.4</subfield>
    <subfield code="p">RUA057332</subfield>
    <subfield code="r">2016-06-29</subfield>
    <subfield code="w">2016-06-29</subfield>
    <subfield code="y">VEM</subfield>
  </datafield>
  <datafield tag="952" ind1=" " ind2=" ">
    <subfield code="0">0</subfield>
    <subfield code="1">0</subfield>
    <subfield code="2">ddc</subfield>
    <subfield code="4">0</subfield>
    <subfield code="6">VEM_CHE_2015_000000000000000_B481_OR_5</subfield>
    <subfield code="7">0</subfield>
    <subfield code="9">46570</subfield>
    <subfield code="a">LBB</subfield>
    <subfield code="b">LBB</subfield>
    <subfield code="c">B481</subfield>
    <subfield code="d">2016-06-29</subfield>
    <subfield code="o">VEM CHE 2015 B481 Or.5</subfield>
    <subfield code="p">RUA057672</subfield>
    <subfield code="r">2016-06-29</subfield>
    <subfield code="w">2016-06-29</subfield>
    <subfield code="y">VEM</subfield>
  </datafield>
  <datafield tag="952" ind1=" " ind2=" ">
    <subfield code="0">0</subfield>
    <subfield code="1">0</subfield>
    <subfield code="2">ddc</subfield>
    <subfield code="4">0</subfield>
    <subfield code="6">VEM_CHE_2015_000000000000000_B481_OR_6</subfield>
    <subfield code="7">0</subfield>
    <subfield code="9">46571</subfield>
    <subfield code="a">LBB</subfield>
    <subfield code="b">LBB</subfield>
    <subfield code="c">B481</subfield>
    <subfield code="d">2016-06-29</subfield>
    <subfield code="l">1</subfield>
    <subfield code="o">VEM CHE 2015 B481 Or.6</subfield>
    <subfield code="p">RUA058771</subfield>
    <subfield code="r">2019-02-15</subfield>
    <subfield code="s">2019-01-08</subfield>
    <subfield code="w">2016-06-29</subfield>
    <subfield code="y">VEM</subfield>
  </datafield>
  <datafield tag="952" ind1=" " ind2=" ">
    <subfield code="0">0</subfield>
    <subfield code="1">0</subfield>
    <subfield code="2">ddc</subfield>
    <subfield code="4">0</subfield>
    <subfield code="6">VEM_CHE_2015_000000000000000_B481_OR_7</subfield>
    <subfield code="7">0</subfield>
    <subfield code="9">46572</subfield>
    <subfield code="a">LBB</subfield>
    <subfield code="b">LBB</subfield>
    <subfield code="c">B481</subfield>
    <subfield code="d">2016-06-29</subfield>
    <subfield code="o">VEM CHE 2015 B481 Or.7</subfield>
    <subfield code="p">RUA057919</subfield>
    <subfield code="r">2016-06-29</subfield>
    <subfield code="w">2016-06-29</subfield>
    <subfield code="y">VEM</subfield>
  </datafield>
  <datafield tag="952" ind1=" " ind2=" ">
    <subfield code="0">0</subfield>
    <subfield code="1">0</subfield>
    <subfield code="2">ddc</subfield>
    <subfield code="4">0</subfield>
    <subfield code="6">VEM_CHE_2015_000000000000000_B481_OR_8</subfield>
    <subfield code="7">0</subfield>
    <subfield code="9">46573</subfield>
    <subfield code="a">LBB</subfield>
    <subfield code="b">LBB</subfield>
    <subfield code="c">B481</subfield>
    <subfield code="d">2016-06-29</subfield>
    <subfield code="o">VEM CHE 2015 B481 Or.8</subfield>
    <subfield code="p">RUA057979</subfield>
    <subfield code="r">2016-06-29</subfield>
    <subfield code="w">2016-06-29</subfield>
    <subfield code="y">VEM</subfield>
  </datafield>
</record>
